| 000 | 00434cam a22001457a 4500 | ||
|---|---|---|---|
| 008 | 180718b1998 xxu||||| |||| 00| 0 eng d | ||
| 020 | _a8173912009 | ||
| 082 | _aB73x5453 B489 | ||
| 100 | _aBiju, M.R. | ||
| 245 |
_aDynamics of new panchayati raj system: reflections and retrospections _cby M.R. Biju |
||
| 260 |
_aNew Delhi _bKanishka _c1998 |
||
| 300 | _a368p. | ||
| 650 | _aRural development --India. | ||
| 650 | _aPanchayat --India | ||
| 999 |
_c384507 _d384507 |
||